000 00404nam a2200133Ia 4500
008 210716s1986 xx 000 0 und d
041 _aeng
082 _a005.362 DSOE
100 _aD'souza, Eric S.
245 _aChipping in: a text book on computer literacy using basic.
_bText book on computer literacy using basic.
250 _a1
260 _aNew Delhi
_bSKW Enterprises
_c1986
300 _axii, 228
999 _c181006
_d181006